000 00357nam a2200133 i 4500
001 bg
100 1 _aLESZCZYŃSKI, M.
245 0 _aZależność ciśnienia górotworu od podatności konstrukcji tunelowych /
_cM. Leszczyński.
260 _aWrocław,
_c1984.
040 _cBPK
041 _apol
942 _cKS
008 s pl f |000 0 pol
999 _c22545
_d22545
856 _uhttp://koha.tu.koszalin.pl/cgi-bin/koha/opac-detail.pl?biblionumber=22545
_yKatalog online BPK